000 00549nam a2200205 i 4500
001 C2-0254109
003 PPAK
005 20180727221633.0
008 040425s my a|||| ||||| | may d
040 _aPPAK
_beng
_cPPAK
_erda
082 0 4 _a641.5
_223
090 0 0 _a641.5
_bSAJ
_dR
245 0 0 _aSaji
264 1 _aKuala Lumpur :
_bUtusan Melayu (Malaysia) Berhad ,
_cJan - Jun 2000
300 _bcolour illustrations ;
_c29 cm
336 _2rdacontent
_atext
337 _2rdamedia
_aunmediated
338 _2rdacarrier
_avolume
942 _ddc
_cB
999 _c66876
_d66876